[Event "April 9 Late 2024"]
[Site "Chess.com"]
[Date "2024.04.09"]
[Round "4"]
[White "Mullodzhanov, Nathaniel"]
[Black "Li, Tedric"]
[Result "0-1"]
[Board "115"]
[WhiteFideId "30961580"]
[BlackFideId "3242897"]
[BlackTitle "CM"]
[WhiteElo "2556"]
[BlackElo "2353"]
[WhiteTeam "USA"]
[BlackTeam "AUS"]
[WhiteClock "0:00:20"]
[BlackClock "0:00:24"]
[Variant "Standard"]

1. e4 {[%clk 0:03:00]}  c6 {[%clk 0:02:57]} 2. Nf3 {[%clk 0:03:00]}  d5 {[%clk 0:02:58]} 3. Nc3 {[%clk 0:03:00]}  Bg4 {[%clk 0:02:57]} 4. h3 {[%clk 0:02:59]}  Bxf3 {[%clk 0:02:57]} 5. Qxf3 {[%clk 0:03:00]}  Nf6 {[%clk 0:02:58]} 6. d3 {[%clk 0:02:59]}  e6 {[%clk 0:02:58]} 7. g3 {[%clk 0:02:59]}  Bb4 {[%clk 0:02:57]} 8. Bd2 {[%clk 0:02:59]}  O-O {[%clk 0:02:57]} 9. Bg2 {[%clk 0:02:59]}  Qb6 {[%clk 0:02:55]} 10. O-O {[%clk 0:02:57]}  d4 {[%clk 0:02:54]} 11. Na4 {[%clk 0:02:54]}  Qa5 {[%clk 0:02:54]} 12. Bxb4 {[%clk 0:02:51]}  Qxb4 {[%clk 0:02:55]} 13. b3 {[%clk 0:02:51]}  b5 {[%clk 0:02:53]} 14. Nb2 {[%clk 0:02:49]}  Qc3 {[%clk 0:02:52]} 15. Rab1 {[%clk 0:02:43]}  Qxc2 {[%clk 0:02:44]} 16. g4 {[%clk 0:02:32]}  Qd2 {[%clk 0:02:36]} 17. h4 {[%clk 0:02:28]}  Nfd7 {[%clk 0:02:29]} 18. Rfd1 {[%clk 0:02:22]}  Qh6 {[%clk 0:02:27]} 19. Qg3 {[%clk 0:02:17]}  e5 {[%clk 0:02:21]} 20. g5 {[%clk 0:02:04]}  Qd6 {[%clk 0:02:21]} 21. a4 {[%clk 0:02:03]}  a6 {[%clk 0:02:19]} 22. h5 {[%clk 0:02:03]}  c5 {[%clk 0:02:07]} 23. Bh3 {[%clk 0:01:53]}  Nc6 {[%clk 0:02:07]} 24. Rdc1 {[%clk 0:01:47]}  Rfd8 {[%clk 0:02:00]} 25. f3 {[%clk 0:01:47]}  Na5 {[%clk 0:01:53]} 26. Nd1 {[%clk 0:01:46]}  c4 {[%clk 0:01:48]} 27. bxc4 {[%clk 0:01:36]}  bxc4 {[%clk 0:01:49]} 28. dxc4 {[%clk 0:01:35]}  Nc5 {[%clk 0:01:44]} 29. Nf2 {[%clk 0:01:32]}  d3 {[%clk 0:01:36]} 30. h6 {[%clk 0:01:26]}  g6 {[%clk 0:01:33]} 31. Ng4 {[%clk 0:01:25]}  d2 {[%clk 0:01:20]} 32. Rd1 {[%clk 0:01:23]}  Ne6 {[%clk 0:01:18]} 33. Nf6+ {[%clk 0:01:11]}  Kh8 {[%clk 0:01:17]} 34. Bxe6 {[%clk 0:01:11]}  Qxe6 {[%clk 0:01:13]} 35. f4 {[%clk 0:00:47]}  Nxc4 {[%clk 0:01:10]} 36. Rb7 {[%clk 0:00:35]}  Rab8 {[%clk 0:00:56]} 37. Rxb8 {[%clk 0:00:32]}  Rxb8 {[%clk 0:00:57]} 38. Qc3 {[%clk 0:00:32]}  Rc8 {[%clk 0:00:53]} 39. Kh2 {[%clk 0:00:26]}  Rd8 {[%clk 0:00:21]} 40. Nd5 {[%clk 0:00:22]}  Rxd5 {[%clk 0:00:21]} 41. exd5 {[%clk 0:00:20]}  Qxd5 {[%clk 0:00:21]} 42. fxe5 {[%clk 0:00:21]}  Qxe5+ {[%clk 0:00:14]} 43. Qxe5+ {[%clk 0:00:18]}  Nxe5 {[%clk 0:00:15]} 44. Kg3 {[%clk 0:00:18]}  Nc4 {[%clk 0:00:15]} 45. Kf3 {[%clk 0:00:13]}  Kg8 {[%clk 0:00:15]} 46. Ke2 {[%clk 0:00:12]}  f6 {[%clk 0:00:12]} 47. gxf6 {[%clk 0:00:10]}  Kf7 {[%clk 0:00:13]} 48. Rb1 {[%clk 0:00:10]}  Kxf6 {[%clk 0:00:13]} 49. Rb4 {[%clk 0:00:10]}  Ne5 {[%clk 0:00:12]} 50. Kxd2 {[%clk 0:00:10]}  Kg5 {[%clk 0:00:13]} 51. Rb6 {[%clk 0:00:08]}  Nc4+ {[%clk 0:00:13]} 52. Kc3 {[%clk 0:00:07]}  Nxb6 {[%clk 0:00:14]} 53. Kb4 {[%clk 0:00:07]}  Nxa4 {[%clk 0:00:14]} 54. Kxa4 {[%clk 0:00:07]}  Kxh6 {[%clk 0:00:15]} 55. Ka5 {[%clk 0:00:08]}  g5 {[%clk 0:00:15]} 56. Kxa6 {[%clk 0:00:09]}  g4 {[%clk 0:00:16]} 57. Kb5 {[%clk 0:00:10]}  g3 {[%clk 0:00:17]} 58. Kc4 {[%clk 0:00:11]}  g2 {[%clk 0:00:18]} 59. Kd3 {[%clk 0:00:11]}  g1=Q {[%clk 0:00:19]} 60. Ke4 {[%clk 0:00:12]}  Kg6 {[%clk 0:00:19]} 61. Kd5 {[%clk 0:00:13]}  h5 {[%clk 0:00:20]} 62. Kc4 {[%clk 0:00:14]}  h4 {[%clk 0:00:21]} 63. Kb4 {[%clk 0:00:15]}  h3 {[%clk 0:00:22]} 64. Ka4 {[%clk 0:00:16]}  h2 {[%clk 0:00:23]} 65. Ka3 {[%clk 0:00:17]}  h1=Q {[%clk 0:00:24]} 66. Kb3 {[%clk 0:00:18]}  Qh4 {[%clk 0:00:22]} 67. Ka3 {[%clk 0:00:18]}  Qgg3+ {[%clk 0:00:22]} 68. Kb2 {[%clk 0:00:19]}  Qhh2+ {[%clk 0:00:23]} 69. Ka1 {[%clk 0:00:20]}  Qgg1# {[%clk 0:00:24]} 0-1

[Event "April 9 Late 2024"]
[Site "Chess.com"]
[Date "2024.04.09"]
[Round "4"]
[White "Slade, Theodore"]
[Black "Santos Flores, Alberto"]
[Result "0-1"]
[Board "116"]
[WhiteFideId "426547"]
[BlackFideId "3601234"]
[BlackTitle "IM"]
[WhiteElo "2352"]
[BlackElo "2537"]
[WhiteTeam "ENG"]
[BlackTeam "ECU"]
[WhiteClock "0:00:45"]
[BlackClock "0:01:55"]
[Variant "Standard"]

1. d4 {[%clk 0:03:00]}  Nf6 {[%clk 0:02:59]} 2. c4 {[%clk 0:03:00]}  d6 {[%clk 0:02:59]} 3. Nf3 {[%clk 0:03:00]}  g6 {[%clk 0:02:58]} 4. Nc3 {[%clk 0:03:00]}  Bf5 {[%clk 0:02:58]} 5. Qb3 {[%clk 0:02:59]}  b6 {[%clk 0:02:58]} 6. g3 {[%clk 0:02:57]}  Ne4 {[%clk 0:02:55]} 7. Bg2 {[%clk 0:02:56]}  Nxc3 {[%clk 0:02:55]} 8. Qxc3 {[%clk 0:02:57]}  Be4 {[%clk 0:02:55]} 9. O-O {[%clk 0:02:57]}  Bg7 {[%clk 0:02:55]} 10. b4 {[%clk 0:02:51]}  O-O {[%clk 0:02:53]} 11. Bb2 {[%clk 0:02:50]}  c5 {[%clk 0:02:53]} 12. bxc5 {[%clk 0:02:43]}  bxc5 {[%clk 0:02:53]} 13. Qe3 {[%clk 0:02:34]}  Bb7 {[%clk 0:02:50]} 14. Rab1 {[%clk 0:02:31]}  Nd7 {[%clk 0:02:45]} 15. d5 {[%clk 0:02:24]}  Rb8 {[%clk 0:02:42]} 16. Bxg7 {[%clk 0:02:23]}  Kxg7 {[%clk 0:02:42]} 17. Qa3 {[%clk 0:02:19]}  Nb6 {[%clk 0:02:37]} 18. Qxa7 {[%clk 0:02:11]}  Ba8 {[%clk 0:02:31]} 19. Qa5 {[%clk 0:01:57]}  Nxc4 {[%clk 0:02:29]} 20. Qc3+ {[%clk 0:01:54]}  Ne5 {[%clk 0:02:29]} 21. Nxe5 {[%clk 0:01:53]}  dxe5 {[%clk 0:02:29]} 22. Qxe5+ {[%clk 0:01:53]}  f6 {[%clk 0:02:30]} 23. Rxb8 {[%clk 0:01:51]}  Qxb8 {[%clk 0:02:28]} 24. Qxe7+ {[%clk 0:01:50]}  Rf7 {[%clk 0:02:29]} 25. Qxc5 {[%clk 0:01:50]}  Rd7 {[%clk 0:02:23]} 26. Rd1 {[%clk 0:01:43]}  Qb2 {[%clk 0:02:20]} 27. Qc8 {[%clk 0:01:37]}  Ra7 {[%clk 0:02:14]} 28. Qe6 {[%clk 0:01:19]}  Qxa2 {[%clk 0:02:11]} 29. Qe8 {[%clk 0:01:14]}  Qc2 {[%clk 0:02:00]} 30. Re1 {[%clk 0:01:10]}  Qd2 {[%clk 0:01:58]} 31. Rb1 {[%clk 0:01:01]}  Bxd5 {[%clk 0:01:57]} 32. Rb8 {[%clk 0:00:43]}  Qd1+ {[%clk 0:01:56]} 33. Bf1 {[%clk 0:00:43]}  Qxf1+ {[%clk 0:01:55]} 34. Kxf1 {[%clk 0:00:44]}  Ra1+ {[%clk 0:01:55]} 35. Rb1 {[%clk 0:00:45]}  Rxb1# {[%clk 0:01:55]} 0-1

[Event "April 9 Late 2024"]
[Site "Chess.com"]
[Date "2024.04.09"]
[Round "4"]
[White "Minina, Veronika"]
[Black "D`Arruda, Ricardo D."]
[Result "1-0"]
[Board "117"]
[WhiteFideId "4174780"]
[BlackFideId "100692"]
[WhiteTitle "WFM"]
[BlackTitle "FM"]
[WhiteElo "2349"]
[BlackElo "2528"]
[WhiteTeam "RUS"]
[BlackTeam "ARG"]
[WhiteClock "0:00:16"]
[BlackClock "0:00:00"]
[Variant "Standard"]

1. c4 {[%clk 0:02:57]}  e6 {[%clk 0:01:16]} 2. g3 {[%clk 0:02:56]}  d5 {[%clk 0:01:17]} 3. Bg2 {[%clk 0:02:56]}  Nf6 {[%clk 0:01:17]} 4. Nf3 {[%clk 0:02:56]}  Nbd7 {[%clk 0:01:16]} 5. O-O {[%clk 0:02:57]}  g6 {[%clk 0:01:17]} 6. b3 {[%clk 0:02:56]}  Bg7 {[%clk 0:01:17]} 7. Bb2 {[%clk 0:02:56]}  O-O {[%clk 0:01:17]} 8. d4 {[%clk 0:02:54]}  c6 {[%clk 0:01:17]} 9. e3 {[%clk 0:02:54]}  b6 {[%clk 0:01:18]} 10. Nbd2 {[%clk 0:02:52]}  Bb7 {[%clk 0:01:18]} 11. Rc1 {[%clk 0:02:51]}  Re8 {[%clk 0:01:18]} 12. Qc2 {[%clk 0:02:39]}  Rc8 {[%clk 0:01:19]} 13. e4 {[%clk 0:02:37]}  dxe4 {[%clk 0:01:17]} 14. Nxe4 {[%clk 0:02:38]}  Nxe4 {[%clk 0:01:17]} 15. Qxe4 {[%clk 0:02:38]}  Qc7 {[%clk 0:01:17]} 16. Ne5 {[%clk 0:02:27]}  Ba8 {[%clk 0:01:10]} 17. c5 {[%clk 0:01:54]}  Nf6 {[%clk 0:01:07]} 18. Qe2 {[%clk 0:01:50]}  b5 {[%clk 0:01:06]} 19. Rfe1 {[%clk 0:01:46]}  Rcd8 {[%clk 0:01:06]} 20. Rcd1 {[%clk 0:01:19]}  Bb7 {[%clk 0:01:06]} 21. Nf3 {[%clk 0:01:18]}  Nd5 {[%clk 0:01:06]} 22. Ng5 {[%clk 0:01:17]}  Nf6 {[%clk 0:01:02]} 23. Bc1 {[%clk 0:01:09]}  h6 {[%clk 0:01:02]} 24. Bf4 {[%clk 0:01:04]}  Qa5 {[%clk 0:00:56]} 25. Nf3 {[%clk 0:01:03]}  Nd5 {[%clk 0:00:56]} 26. Bd6 {[%clk 0:00:55]}  Nc3 {[%clk 0:00:51]} 27. Qd2 {[%clk 0:00:55]}  b4 {[%clk 0:00:51]} 28. Ra1 {[%clk 0:00:49]}  Nb5 {[%clk 0:00:51]} 29. Ne5 {[%clk 0:00:47]}  Nxd6 {[%clk 0:00:49]} 30. cxd6 {[%clk 0:00:45]}  Qb5 {[%clk 0:00:35]} 31. Qf4 {[%clk 0:00:41]}  Bxe5 {[%clk 0:00:22]} 32. dxe5 {[%clk 0:00:40]}  h5 {[%clk 0:00:19]} 33. Rac1 {[%clk 0:00:40]}  Rd7 {[%clk 0:00:18]} 34. Be4 {[%clk 0:00:39]}  c5 {[%clk 0:00:18]} 35. Qf6 {[%clk 0:00:29]}  Bxe4 {[%clk 0:00:17]} 36. Rxe4 {[%clk 0:00:30]}  Qc6 {[%clk 0:00:17]} 37. Rce1 {[%clk 0:00:28]}  Qd5 {[%clk 0:00:16]} 38. h3 {[%clk 0:00:25]}  Qd2 {[%clk 0:00:15]} 39. g4 {[%clk 0:00:25]}  hxg4 {[%clk 0:00:14]} 40. hxg4 {[%clk 0:00:23]}  Qh6 {[%clk 0:00:14]} 41. Kg2 {[%clk 0:00:23]}  Qg7 {[%clk 0:00:15]} 42. Qg5 {[%clk 0:00:22]}  Rc8 {[%clk 0:00:14]} 43. Rh1 {[%clk 0:00:21]}  a5 {[%clk 0:00:14]} 44. Rc1 {[%clk 0:00:21]}  Rb7 {[%clk 0:00:13]} 45. Rec4 {[%clk 0:00:21]}  Rb5 {[%clk 0:00:13]} 46. Rh1 {[%clk 0:00:19]}  Rf8 {[%clk 0:00:08]} 47. Re4 {[%clk 0:00:18]}  Rb7 {[%clk 0:00:07]} 48. Re3 {[%clk 0:00:18]}  Rd7 {[%clk 0:00:07]} 49. Reh3 {[%clk 0:00:19]}  Rc8 {[%clk 0:00:07]} 50. Qh4 {[%clk 0:00:17]}  Kf8 {[%clk 0:00:00]} 51. Qf6 {[%clk 0:00:16]} 1-0

[Event "April 9 Late 2024"]
[Site "Chess.com"]
[Date "2024.04.09"]
[Round "4"]
[White "Ezat, Mohamed"]
[Black "Arnold, Ken"]
[Result "1-0"]
[Board "118"]
[WhiteFideId "10600906"]
[BlackFideId "2056836"]
[WhiteTitle "IM"]
[WhiteElo "2521"]
[BlackElo "2411"]
[WhiteTeam "EGY"]
[BlackTeam "USA"]
[WhiteClock "0:00:07"]
[BlackClock "0:00:00"]
[Variant "Standard"]

1. d4 {[%clk 0:03:00]}  Nf6 {[%clk 0:02:59]} 2. c4 {[%clk 0:02:50]}  g6 {[%clk 0:02:58]} 3. Nc3 {[%clk 0:02:47]}  d5 {[%clk 0:02:58]} 4. cxd5 {[%clk 0:02:44]}  Nxd5 {[%clk 0:02:58]} 5. Na4 {[%clk 0:02:40]}  Bg7 {[%clk 0:02:52]} 6. Nf3 {[%clk 0:02:27]}  O-O {[%clk 0:02:51]} 7. e4 {[%clk 0:02:24]}  Nb6 {[%clk 0:02:50]} 8. Nc3 {[%clk 0:02:24]}  Bg4 {[%clk 0:02:48]} 9. Be3 {[%clk 0:02:22]}  Nc6 {[%clk 0:02:45]} 10. d5 {[%clk 0:02:21]}  Ne5 {[%clk 0:02:44]} 11. Be2 {[%clk 0:02:20]}  Bxf3 {[%clk 0:02:39]} 12. gxf3 {[%clk 0:02:20]}  Nec4 {[%clk 0:02:35]} 13. Bf4 {[%clk 0:02:05]}  Nxb2 {[%clk 0:02:14]} 14. Qb3 {[%clk 0:02:04]}  N2a4 {[%clk 0:02:12]} 15. Nxa4 {[%clk 0:02:02]}  Bxa1 {[%clk 0:02:11]} 16. Nc5 {[%clk 0:02:01]}  e5 {[%clk 0:02:07]} 17. dxe6 {[%clk 0:01:52]}  Qf6 {[%clk 0:02:03]} 18. Bd2 {[%clk 0:01:41]}  Bd4 {[%clk 0:01:55]} 19. exf7+ {[%clk 0:01:35]}  Rxf7 {[%clk 0:01:51]} 20. Ne6 {[%clk 0:01:33]}  Re8 {[%clk 0:01:29]} 21. Ng5 {[%clk 0:01:32]}  Re7 {[%clk 0:01:09]} 22. a4 {[%clk 0:01:26]}  Kg7 {[%clk 0:01:00]} 23. a5 {[%clk 0:01:21]}  Nd7 {[%clk 0:00:59]} 24. Nxf7 {[%clk 0:01:16]}  Rxf7 {[%clk 0:00:58]} 25. h4 {[%clk 0:00:56]}  Ne5 {[%clk 0:00:52]} 26. Rh3 {[%clk 0:00:48]}  b6 {[%clk 0:00:35]} 27. h5 {[%clk 0:00:43]}  gxh5 {[%clk 0:00:32]} 28. f4 {[%clk 0:00:23]}  Ng6 {[%clk 0:00:28]} 29. f5 {[%clk 0:00:22]}  Ne5 {[%clk 0:00:26]} 30. Rxh5 {[%clk 0:00:21]}  Kf8 {[%clk 0:00:20]} 31. Rh6 {[%clk 0:00:20]}  Qd8 {[%clk 0:00:18]} 32. Qg3 {[%clk 0:00:14]}  Qd7 {[%clk 0:00:04]} 33. Re6 {[%clk 0:00:10]}  Nc6 {[%clk 0:00:01]} 34. Bh6+ {[%clk 0:00:10]}  Bg7 {[%clk 0:00:01]} 35. Qf4 {[%clk 0:00:07]}  Bxh6 {[%clk 0:00:01]} 36. Qxh6+ {[%clk 0:00:08]}  Rg7 {[%clk 0:00:00]} 37. f6 {[%clk 0:00:07]} 1-0

[Event "April 9 Late 2024"]
[Site "Chess.com"]
[Date "2024.04.09"]
[Round "4"]
[White "La Villa Rivas, Marlon Javier"]
[Black "Ghimoyan, Narek"]
[Result "0-1"]
[Board "122"]
[WhiteFideId "3519546"]
[BlackFideId "13315412"]
[WhiteTitle "FM"]
[BlackTitle "CM"]
[WhiteElo "2340"]
[BlackElo "2494"]
[WhiteTeam "CUB"]
[BlackTeam "ARM"]
[WhiteClock "0:01:43"]
[BlackClock "0:00:35"]
[Variant "Standard"]

1. e4 {[%clk 0:03:00]}  e6 {[%clk 0:02:58]} 2. d4 {[%clk 0:03:00]}  d5 {[%clk 0:02:58]} 3. Nd2 {[%clk 0:03:01]}  Nf6 {[%clk 0:02:58]} 4. e5 {[%clk 0:03:01]}  Nfd7 {[%clk 0:02:58]} 5. f4 {[%clk 0:03:01]}  c5 {[%clk 0:02:59]} 6. c3 {[%clk 0:03:02]}  Nc6 {[%clk 0:02:59]} 7. Ndf3 {[%clk 0:03:03]}  cxd4 {[%clk 0:02:48]} 8. cxd4 {[%clk 0:03:01]}  Bb4+ {[%clk 0:02:49]} 9. Kf2 {[%clk 0:03:01]}  O-O {[%clk 0:02:48]} 10. g3 {[%clk 0:02:58]}  f5 {[%clk 0:02:47]} 11. Nh3 {[%clk 0:02:54]}  h6 {[%clk 0:02:44]} 12. Be2 {[%clk 0:02:52]}  b6 {[%clk 0:02:40]} 13. Kg2 {[%clk 0:02:48]}  Be7 {[%clk 0:02:36]} 14. Nf2 {[%clk 0:02:48]}  g5 {[%clk 0:02:31]} 15. h3 {[%clk 0:02:42]}  a5 {[%clk 0:02:27]} 16. g4 {[%clk 0:02:41]}  gxf4 {[%clk 0:02:17]} 17. Bxf4 {[%clk 0:02:42]}  fxg4 {[%clk 0:02:17]} 18. Nxg4 {[%clk 0:02:38]}  Rxf4 {[%clk 0:02:16]} 19. Nxh6+ {[%clk 0:02:38]}  Kh7 {[%clk 0:02:15]} 20. Ng4 {[%clk 0:02:36]}  Qf8 {[%clk 0:02:12]} 21. Rf1 {[%clk 0:02:34]}  Ba6 {[%clk 0:02:09]} 22. Bxa6 {[%clk 0:02:33]}  Rxa6 {[%clk 0:02:08]} 23. Qd3+ {[%clk 0:02:33]}  Kh8 {[%clk 0:02:07]} 24. Qxa6 {[%clk 0:02:33]}  Qg7 {[%clk 0:01:57]} 25. Qc8+ {[%clk 0:02:26]}  Nd8 {[%clk 0:01:51]} 26. Qxd7 {[%clk 0:02:25]}  Rxg4+ {[%clk 0:01:47]} 27. hxg4 {[%clk 0:02:24]}  Qxg4+ {[%clk 0:01:48]} 28. Kf2 {[%clk 0:02:23]}  Bh4+ {[%clk 0:01:45]} 29. Nxh4 {[%clk 0:02:18]}  Qxh4+ {[%clk 0:01:45]} 30. Kf3 {[%clk 0:02:12]}  Qh3+ {[%clk 0:01:44]} 31. Ke2 {[%clk 0:02:11]}  Qg2+ {[%clk 0:01:44]} 32. Rf2 {[%clk 0:02:10]}  Qe4+ {[%clk 0:01:44]} 33. Kf1 {[%clk 0:02:09]}  Qh1+ {[%clk 0:01:43]} 34. Ke2 {[%clk 0:02:10]}  Qe4+ {[%clk 0:01:44]} 35. Kd2 {[%clk 0:02:09]}  Qxd4+ {[%clk 0:01:44]} 36. Ke1 {[%clk 0:02:09]}  Qe4+ {[%clk 0:01:33]} 37. Re2 {[%clk 0:02:07]}  Qh4+ {[%clk 0:01:27]} 38. Kd2 {[%clk 0:02:07]}  Qd4+ {[%clk 0:01:27]} 39. Kc2 {[%clk 0:02:03]}  Qc4+ {[%clk 0:01:27]} 40. Kd1 {[%clk 0:02:03]}  Qd4+ {[%clk 0:01:02]} 41. Rd2 {[%clk 0:01:58]}  Qg1+ {[%clk 0:01:00]} 42. Kc2 {[%clk 0:01:58]}  Qc5+ {[%clk 0:01:00]} 43. Kd3 {[%clk 0:01:50]}  Qc4+ {[%clk 0:00:56]} 44. Ke3 {[%clk 0:01:50]}  Qe4+ {[%clk 0:00:55]} 45. Kf2 {[%clk 0:01:51]}  Qf4+ {[%clk 0:00:56]} 46. Ke1 {[%clk 0:01:49]}  Qe3+ {[%clk 0:00:53]} 47. Re2 {[%clk 0:01:48]}  Qg1+ {[%clk 0:00:51]} 48. Kd2 {[%clk 0:01:48]}  Qd4+ {[%clk 0:00:52]} 49. Kc2 {[%clk 0:01:48]}  Qc4+ {[%clk 0:00:52]} 50. Kb1 {[%clk 0:01:44]}  Qd3+ {[%clk 0:00:45]} 51. Kc1 {[%clk 0:01:45]}  Qc4+ {[%clk 0:00:44]} 52. Kd1 {[%clk 0:01:45]}  Qd4+ {[%clk 0:00:44]} 53. Rd2 {[%clk 0:01:43]}  Qg1+ {[%clk 0:00:44]} 54. Ke2 {[%clk 0:01:44]}  Qg2+ {[%clk 0:00:44]} 55. Ke3 {[%clk 0:01:44]}  Qg3+ {[%clk 0:00:41]} 56. Kd4 {[%clk 0:01:43]}  Qf4+ {[%clk 0:00:36]} 57. Kd3 {[%clk 0:01:43]}  Qe4+ {[%clk 0:00:34]} 58. Kc3 {[%clk 0:01:43]}  Qc4# {[%clk 0:00:35]} 0-1

[Event "April 9 Late 2024"]
[Site "Chess.com"]
[Date "2024.04.09"]
[Round "4"]
[White "Dias, Simao Poscidonio"]
[Black "Gutierrez Olivares, Daniel"]
[Result "0-1"]
[Board "125"]
[WhiteFideId "2103648"]
[BlackFideId "2264005"]
[WhiteTitle "FM"]
[BlackTitle "FM"]
[WhiteElo "2326"]
[BlackElo "2491"]
[WhiteTeam "BRA"]
[BlackTeam "ESP"]
[WhiteClock "0:00:05"]
[BlackClock "0:00:16"]
[Variant "Standard"]

1. e4 {[%clk 0:02:59]}  e6 {[%clk 0:02:43]} 2. d4 {[%clk 0:02:59]}  d5 {[%clk 0:02:44]} 3. e5 {[%clk 0:02:58]}  c5 {[%clk 0:02:40]} 4. c3 {[%clk 0:02:59]}  Nc6 {[%clk 0:02:40]} 5. Nf3 {[%clk 0:02:59]}  Bd7 {[%clk 0:02:41]} 6. Be2 {[%clk 0:02:59]}  Nge7 {[%clk 0:02:41]} 7. Bg5 {[%clk 0:02:55]}  Qb6 {[%clk 0:02:38]} 8. Qd2 {[%clk 0:02:51]}  Nf5 {[%clk 0:02:31]} 9. dxc5 {[%clk 0:02:48]}  Bxc5 {[%clk 0:02:30]} 10. O-O {[%clk 0:02:49]}  h6 {[%clk 0:02:27]} 11. Bf4 {[%clk 0:02:49]}  g5 {[%clk 0:02:26]} 12. Bg3 {[%clk 0:02:46]}  g4 {[%clk 0:02:21]} 13. Nh4 {[%clk 0:02:41]}  Nxg3 {[%clk 0:02:07]} 14. hxg3 {[%clk 0:02:39]}  Nxe5 {[%clk 0:02:05]} 15. b4 {[%clk 0:02:29]}  Be7 {[%clk 0:01:59]} 16. Na3 {[%clk 0:02:28]}  Bg5 {[%clk 0:01:50]} 17. Qd4 {[%clk 0:02:18]}  Qxd4 {[%clk 0:01:43]} 18. cxd4 {[%clk 0:02:19]}  Nc6 {[%clk 0:01:44]} 19. Nb5 {[%clk 0:02:18]}  Ke7 {[%clk 0:01:42]} 20. Bxg4 {[%clk 0:02:12]}  a6 {[%clk 0:01:41]} 21. Nc3 {[%clk 0:02:06]}  Nxd4 {[%clk 0:01:40]} 22. Nf3 {[%clk 0:01:57]}  Bf6 {[%clk 0:01:35]} 23. Nxd4 {[%clk 0:01:54]}  Bxd4 {[%clk 0:01:35]} 24. Rac1 {[%clk 0:01:54]}  Rac8 {[%clk 0:01:34]} 25. Ne2 {[%clk 0:01:49]}  Bb2 {[%clk 0:01:31]} 26. Rcd1 {[%clk 0:01:41]}  Rc2 {[%clk 0:01:19]} 27. Nf4 {[%clk 0:01:41]}  Bc3 {[%clk 0:01:10]} 28. a3 {[%clk 0:01:36]}  Bb5 {[%clk 0:01:09]} 29. Rc1 {[%clk 0:01:32]}  Rxc1 {[%clk 0:00:54]} 30. Rxc1 {[%clk 0:01:33]}  d4 {[%clk 0:00:54]} 31. Be2 {[%clk 0:01:23]}  Rd8 {[%clk 0:00:31]} 32. Bxb5 {[%clk 0:01:16]}  axb5 {[%clk 0:00:32]} 33. Ne2 {[%clk 0:01:13]}  Bb2 {[%clk 0:00:29]} 34. Rd1 {[%clk 0:01:07]}  d3 {[%clk 0:00:26]} 35. Nf4 {[%clk 0:01:05]}  d2 {[%clk 0:00:27]} 36. Kf1 {[%clk 0:01:05]}  Bxa3 {[%clk 0:00:26]} 37. Ke2 {[%clk 0:01:02]}  Bc1 {[%clk 0:00:24]} 38. Nd3 {[%clk 0:01:01]}  Rc8 {[%clk 0:00:23]} 39. Nc5 {[%clk 0:01:00]}  b6 {[%clk 0:00:22]} 40. Nb3 {[%clk 0:00:59]}  Rc4 {[%clk 0:00:22]} 41. Nxd2 {[%clk 0:00:55]}  Bxd2 {[%clk 0:00:22]} 42. Rxd2 {[%clk 0:00:55]}  Rxb4 {[%clk 0:00:23]} 43. f4 {[%clk 0:00:48]}  Rc4 {[%clk 0:00:23]} 44. Rb2 {[%clk 0:00:48]}  b4 {[%clk 0:00:23]} 45. Kd3 {[%clk 0:00:48]}  b5 {[%clk 0:00:24]} 46. Ke3 {[%clk 0:00:46]}  f5 {[%clk 0:00:22]} 47. Kd3 {[%clk 0:00:44]}  Rc3+ {[%clk 0:00:22]} 48. Kd4 {[%clk 0:00:44]}  Rc4+ {[%clk 0:00:22]} 49. Kd3 {[%clk 0:00:44]}  Kd6 {[%clk 0:00:22]} 50. Ke3 {[%clk 0:00:43]}  Rc3+ {[%clk 0:00:22]} 51. Kf2 {[%clk 0:00:39]}  b3 {[%clk 0:00:21]} 52. Rd2+ {[%clk 0:00:17]}  Kc5 {[%clk 0:00:20]} 53. Rd1 {[%clk 0:00:05]}  Kb4 {[%clk 0:00:16]} 0-1

[Event "April 9 Late 2024"]
[Site "Chess.com"]
[Date "2024.04.10"]
[Round "4"]
[White "Mizzi, Jack"]
[Black "Tang, Benjamin"]
[Result "1-0"]
[Board "127"]
[WhiteFideId "5602521"]
[BlackFideId "30964342"]
[WhiteTitle "CM"]
[BlackTitle "FM"]
[WhiteElo "2476"]
[BlackElo "2317"]
[WhiteTeam "MLT"]
[BlackTeam "USA"]
[WhiteClock "0:01:00"]
[BlackClock "0:00:43"]
[Variant "Standard"]

1. d4 {[%clk 0:03:00]}  Nf6 {[%clk 0:02:59]} 2. c4 {[%clk 0:03:00]}  g6 {[%clk 0:02:58]} 3. g3 {[%clk 0:03:00]}  Bg7 {[%clk 0:02:59]} 4. Bg2 {[%clk 0:03:00]}  O-O {[%clk 0:02:56]} 5. Nf3 {[%clk 0:03:00]}  c5 {[%clk 0:02:56]} 6. d5 {[%clk 0:03:00]}  e6 {[%clk 0:02:56]} 7. Nc3 {[%clk 0:03:00]}  exd5 {[%clk 0:02:56]} 8. cxd5 {[%clk 0:03:01]}  d6 {[%clk 0:02:55]} 9. O-O {[%clk 0:03:01]}  Re8 {[%clk 0:02:55]} 10. Nd2 {[%clk 0:03:00]}  a6 {[%clk 0:02:52]} 11. a4 {[%clk 0:03:00]}  Nbd7 {[%clk 0:02:50]} 12. a5 {[%clk 0:02:57]}  b5 {[%clk 0:02:41]} 13. axb6 {[%clk 0:02:57]}  Nxb6 {[%clk 0:02:42]} 14. h3 {[%clk 0:02:50]}  Rb8 {[%clk 0:02:29]} 15. Qc2 {[%clk 0:02:42]}  Qc7 {[%clk 0:02:17]} 16. e4 {[%clk 0:02:38]}  Bb7 {[%clk 0:02:16]} 17. Re1 {[%clk 0:02:35]}  Nfd7 {[%clk 0:02:15]} 18. Nf3 {[%clk 0:02:22]}  c4 {[%clk 0:02:13]} 19. Be3 {[%clk 0:02:10]}  Nc5 {[%clk 0:02:10]} 20. Nd4 {[%clk 0:02:05]}  Nd3 {[%clk 0:02:01]} 21. Red1 {[%clk 0:02:05]}  Nd7 {[%clk 0:01:59]} 22. Na4 {[%clk 0:01:42]}  N7c5 {[%clk 0:01:51]} 23. Qxc4 {[%clk 0:01:34]}  Ne5 {[%clk 0:01:49]} 24. Qc2 {[%clk 0:01:31]}  Ned7 {[%clk 0:01:38]} 25. b4 {[%clk 0:01:20]}  Qd8 {[%clk 0:01:04]} 26. bxc5 {[%clk 0:01:19]}  dxc5 {[%clk 0:01:04]} 27. Nxc5 {[%clk 0:01:20]}  Qc7 {[%clk 0:01:01]} 28. Nxd7 {[%clk 0:01:08]}  Qxd7 {[%clk 0:01:00]} 29. Nc6 {[%clk 0:01:04]}  Rbc8 {[%clk 0:00:57]} 30. Rac1 {[%clk 0:01:02]}  a5 {[%clk 0:00:43]} 31. Qa4 {[%clk 0:01:00]} 1-0